| 000 | 01244cam a2200133 4500500 | ||
|---|---|---|---|
| 005 | 20251214004017.0 | ||
| 041 | _afre | ||
| 042 | _adc | ||
| 100 | 1 | 0 |
_aBoqueho, Vincent _eauthor |
| 245 | 0 | 0 | _aL'Histoire de l'Egypte comme si vous y étiez |
| 260 |
_bArmand Colin,
_c2020. |
||
| 520 | _a« Vous êtes Thoutmosis Ier, troisième pharaon de la XVIIIe dynastie ». Le ton est donné et tout l’ouvrage est construit de manière à inclure le lecteur dans cette histoire de l’Égypte. De l’ère paléolithique à la fin de la culture antique, l’auteur nous fait parcourir l’histoire de l’Égypte d’une façon originale. Tous les grands événements sont ainsi présentés, précédés de leur date, et nous plonge à chaque fois au cœur de ceux-ci. Des origines à l’Ancien Empire, des pharaons à l’époque gréco-romaine, nous découvrons le quotidien des Égyptiens et son évolution à travers le temps.L’histoire de l’Égypte est vulgarisée à la manière d’un roman dont le lecteur est le héros, rendant la démarche de l’auteur tout à fait singulière et inédite. | ||
| 856 | 4 | 1 | _uhttps://shs.cairn.info/l-histoire-de-l-egypte-comme-si-vous-y-etiez--9782200625979?lang=fr&redirect-ssocas=7080 |
| 999 |
_c1568136 _d1568136 |
||